Calciatori nazionale italiana (esordio 1990-1999) - Statistics

Statistiche generali
  • Questo quiz è stato fatto 25 volte
  • Il punteggio medio è 20 su 53
Statistiche sulle risposte
Presenze Reti Anno esordio Anno ultimo incontro Presenze per club di appartenenza Calciatore % Corretto
176 -146 1997 2018 20   Parma, 156   Juventus Gianluigi Buffon
96%
91 27 1995 2008 Juventus Alessandro Del Piero
87%
58 9 1998 2006 Roma Francesco Totti
87%
98 2 1999 2010 58   Juventus, 17   Barcellona, 23   Milan Gianluca Zambrotta
83%
78 0 1996 2006 46   Lazio, 32   Milan Alessandro Nesta
78%
136 2 1997 2010 61   Parma, 19   Inter, 30   Juventus, 26   Real Madrid Fabio Cannavaro
78%
60 7 1991 1999 1   Inter, 19   Juventus, 40   Parma Dino Baggio
74%
49 23 1997 2005 4   Juventus, 9   Atlético Madrid, 4   Lazio, 28   Inter, 4   Milan Christian Vieri
70%
57 25 1997 2007 1   Atalanta, 31   Juventus, 25   Milan Filippo Inzaghi
70%
79 3 1991 2002 Milan Demetrio Albertini
65%
35 10 1991 1997 3   Napoli, 23   Parma, 9   Chelsea Gianfranco Zola
65%
31 -17 1995 2006 26   Juventus, 5   Lazio Angelo Peruzzi
57%
59 2 1991 1998 Milan Alessandro Costacurta
52%
40 0 1995 2002 27   Juventus, 13   Fiorentina Angelo Di Livio
52%
17 7 1996 2001 3   Sampdoria, 13   Parma, 1   Fiorentina Enrico Chiesa
52%
22 8 1995 1998 11   Juventus, 6   Middlesbrough, 5   Olympique Marsiglia Fabrizio Ravanelli
52%
28 -15 1995 2004 18   Fiorentina, 10   Inter Francesco Toldo
52%
57 4 1994 2008 4   Milan, 13   Real Madrid, 4   Inter, 36   Roma Christian Panucci
48%
39 -27 1990 1998 23   Sampdoria, 16   Inter Gianluca Pagliuca
48%
20 3 1999 2005 1   Sampdoria, 19   Roma Vincenzo Montella
48%
28 7 1992 1995 3   Foggia, 25   Lazio Giuseppe Signori
39%
31 2 1998 2002 12   Roma, 19   Inter Luigi Di Biagio
39%
23 0 1993 1997 Parma Antonio Benarrivo
35%
25 1 1998 2003 Roma Damiano Tommasi
35%
22 0 1996 2002 Juventus Gianluca Pessotto
35%
35 0 1999 2008 Milan Massimo Ambrosini
35%
10 0 1996 1999 6   Juventus, 4   Fiorentina Moreno Torricelli
35%
44 13 1991 1998 10   Juventus, 34   Lazio Pierluigi Casiraghi
35%
16 7 1990 1991 Juventus Salvatore Schillaci
35%
9 -7 1992 1996 4   Torino, 5   Lazio Luca Marchegiani
30%
22 4 1998 2004 Roma Marco Delvecchio
30%
34 2 1994 1998 15   Lazio, 19   Chelsea Roberto Di Matteo
30%
19 0 1999 2005 13   Lazio, 6   Milan Giuseppe Pancaro
26%
15 0 1991 1994 6   Milan, 9   Sampdoria Alberico Evani
22%
20 2 1994 2000 Juventus Antonio Conte
22%
8 0 1994 2004 6   Lazio, 2   Inter Giuseppe Favalli
22%
15 1 1994 1996 Parma Luigi Apolloni
22%
13 0 1995 2003 Juventus Alessio Tacchinardi
17%
25 3 1993 2000 14   Lazio, 11   Parma Diego Fuser
17%
8 0 1994 1995 Parma Lorenzo Minotti
17%
19 1 1998 2002 Juventus Mark Iuliano
17%
19 3 1990 1997 15   Sampdoria, 2   Juventus, 1   Crystal Palace Attilio Lombardo
13%
8 2 1998 2000 Inter Francesco Moriero
13%
11 0 1993 1996 5   Torino, 6   Parma Roberto Mussi
13%
20 3 1990 1997 8   Genoa, 12   Milan Stefano Eranio
13%
7 0 1992 1993 Parma Alberto Di Chiara
9%
18 0 1991 1997 Roma Amedeo Carboni
9%
13 0 1992 1996 6   Torino, 6   Milan, 1   Atalanta Gianluigi Lentini
9%
7 0 1992 1994 Milan Mauro Tassotti
9%
8 0 1994 2000 Lazio Paolo Negro
9%
13 1 1998 2000 Roma Eusebio Di Francesco
4%
10 0 1990 1993 Sampdoria Moreno Mannini
4%
9 0 1992 1994 Inter Alessandro Bianchi
0%
Nessun quiz corrispondente trovato
Distribuzione punteggi
Percentuale di utenti per punteggio
Percentile per numero di risposta
I tuoi punteggi nel tempo
Non hai fatto questo quiz